000 00539nam a2200181Ia 4500
999 _c28975
_d28975
003 OSt
005 20210101104243.0
008 190216s9999||||xx |||||||||||||| ||und||
020 _a9788182643215
040 _coclc
082 _a894.812301
_bPUT/T
100 _a Puthoor, Unnikrishnan
_96477
245 0 _aThallaviral /
_cUnnikrishnan Puthoor
260 _bMathrubhumi Printing & Publishing,
_aKozhikode:
_c2006.
300 _a95p
650 _aKathakal
942 _cBK
_2ddc
_h894.812301
_iPUT/T
_k894.812301
_mPUT/T